Journal of Engineering Education (Record no. 9735)

MARC details
000 -LEADER
fixed length control field 00447nam a22001217a 4500
003 - CONTROL NUMBER IDENTIFIER
control field OSt
008 - FIXED-LENGTH DATA ELEMENTS--GENERAL INFORMATION
fixed length control field 201203b ||||| |||| 00| 0 eng d
245 ## - TITLE STATEMENT
Title Journal of Engineering Education
250 ## - EDITION STATEMENT
Edition statement 2011(Jan Vol.100 No.1, Apr Vol.100 No.2, Jul Vol.100 No.3, Oct Vol.100 No.4) 2012(Jan Vol.101 No.1)
260 ## - PUBLICATION, DISTRIBUTION, ETC. (IMPRINT)
Name of publisher, distributor, etc American Society for Engineering Education
Place of publication, distribution, etc Washington, D.C.
650 ## - SUBJECT ADDED ENTRY--TOPICAL TERM
Topical term or geographic name as entry element Electronics and Communications Engineering
942 ## - ADDED ENTRY ELEMENTS (KOHA)
Source of classification or shelving scheme Dewey Decimal Classification
Koha item type BOUND VOLUME
Holdings
Withdrawn status Lost status Source of classification or shelving scheme Materials specified (bound volume or other part) Damaged status Not for loan Collection code Home library Current library Date acquired Source of acquisition Serial Enumeration / chronologySerial Enumeration / Volume No. Total Checkouts Acc. no. / Barcode Date last seen Bill Date Koha item type
    Dewey Decimal Classification Bound Volume   Not For Loan B.Tech(ECE) PIET C-LIBRARY PIET C-LIBRARY 11/12/2020 American Society for Engineering Education 2011(Jan Vol.100 No.1, Apr Vol.100 No.2, Jul Vol.100 No.3, Oct Vol.100 No.4) 2012(Jan Vol.101 No.1)   BV271 11/12/2020 09/01/2011 BOUND VOLUME

Design & Developed by: PIET Central Library
R70 Miles Stone Pattikalyana Samalkha Panipat 132102
mail ID :- [email protected], Phone No:- 0180-2569700 Ex.216